Inorganic Materials Chemistry Desk Reference (Record no. 189232)

MARC details
000 -LEADER
fixed length control field 00495nam a2200205Ia 4500
008 - FIXED-LENGTH DATA ELEMENTS--GENERAL INFORMATION
fixed length control field 240823s9999||||xx |||||||||||||| ||und||
020 ## - INTERNATIONAL STANDARD BOOK NUMBER
International Standard Book Number 978-0849-3091-06
082 ## - DEWEY DECIMAL CLASSIFICATION NUMBER
-- 661 P8
100 ## - MAIN ENTRY--PERSONAL NAME
Personal name Sangeeta D
245 #0 - TITLE STATEMENT
Title Inorganic Materials Chemistry Desk Reference
250 ## - EDITION STATEMENT
Edition statement 2nd
260 ## - PUBLICATION, DISTRIBUTION, ETC. (IMPRINT)
Date of publication, distribution, etc 2008
Name of publisher, distributor, etc "CRC Press,Boca "
500 ## - GENERAL NOTE
General note YES
650 ## - SUBJECT ADDED ENTRY--TOPICAL TERM
Topical term or geographic name as entry element Chemistry
700 ## - ADDED ENTRY--PERSONAL NAME
Personal name John R LaGraff
942 ## - ADDED ENTRY ELEMENTS (KOHA)
Item type Books
Holdings
Withdrawn status Lost status Damaged status Permanent location Current location Date acquired Source of acquisition Cost, normal purchase price Full call number Barcode Date last seen Koha item type
      CENTRAL LIBRARY, NOORUL ISLAM CENTRE FOR HIGHER EDUCATION CENTRAL LIBRARY, NOORUL ISLAM CENTRE FOR HIGHER EDUCATION 04/09/2012 World Book House Chennai 695.00 661 P8 41573 08/23/2024 Books
Visitors:
Copyright © 2024 Central Library NICHE.  All rights reserved.